00555 2200181 4500001002100000005001700021008004100038020002200079035002500101041000700126082001100133090001700144100001600161245011800177260002900295300002800324650002100352INLIS0000000000046570:yyyyMMddHHmmss180719||||||||| | ||| |||| || |  a978-979-794-162-8 a0010-031300000004657 aid0 a005.12 a005.12 BAS p0 aAdi Baskoro00aPanduan praktis membuat website berbasis joomla!1.5 ; dilengkapi cara membuat toko omline & memodifikasi template aJakartabMediakitac2009 aviii+168 hal.;18x24 cm. 0aprogram komputer